|
|
|
|
| LEADER |
00000ccm a2200000 a 4500 |
| 001 |
vtls010168583 |
| 003 |
SK-MaSNL |
| 005 |
20260302044849.0 |
| 007 |
qu |
| 008 |
180801s2010 xo fmz 000 0 slo |
| 015 |
|
|
|a SNBH2013
|
| 020 |
|
|
|a 9788070909843
|q (brož.)
|
| 020 |
|
|
|a 9788070909720
|q (súbor)
|
| 040 |
|
|
|a SNK
|b slo
|c SNK
|e AACR2
|
| 041 |
0 |
|
|a slo
|
| 043 |
|
|
|a e-xo---
|
| 044 |
|
|
|a xo
|c SK
|
| 048 |
|
|
|a vu01
|
| 072 |
|
7 |
|a 784
|x Vokálna hudba
|2 konspekt
|
| 080 |
|
|
|a 784.4(=162.4)
|2 2001
|
| 080 |
|
|
|a (437.6)
|2 2001
|
| 080 |
|
|
|a (0:82-192)
|2 2001
|
| 084 |
|
|
|a 2.2.2
|2 snlmc
|
| 100 |
1 |
|
|a Libera, Juraj
|4 aut
|9 416168
|
| 245 |
1 |
0 |
|a Piesne zo Zemplína
|n II. zväzok
|h hudobnina
|b karičky
|c Juraj Libera ; [prepis notového zápisu Mária Nemčíková]
|
| 246 |
1 |
0 |
|a Karičky
|
| 250 |
|
|
|a [1. vyd.]
|
| 254 |
|
|
|a Spevník
|
| 260 |
|
|
|a Martin
|b Matica slovenská
|c 2010
|
| 300 |
|
|
|a 1 spevník (50 s.)
|b noty
|c 21 cm
|
| 500 |
|
|
|a Údaje prevzaté z obálky
|
| 650 |
0 |
7 |
|a slovenské ľudové piesne
|2 SNKPH
|9 3454
|
| 650 |
0 |
7 |
|a Slovak folk songs
|2 SNKPHeng
|9 286208
|
| 651 |
|
7 |
|a Zemplín (Slovensko : región)
|2 SNKPH
|9 16697
|
| 651 |
|
7 |
|a Zemplín (Slovakia : region)
|2 SNKPHeng
|9 169051
|
| 655 |
|
7 |
|a spevníky
|2 SNKPH
|9 70506
|
| 655 |
|
7 |
|a Songbooks
|2 SNKPHeng
|9 288744
|
| 700 |
1 |
|
|a Nemčíková, Mária
|4 oth
|9 393220
|
| 710 |
2 |
|
|a Matica slovenská
|4 pbl
|9 14662
|
| 919 |
|
|
|a 978-80-7090-984-3 (2. zväzok)
|
| 919 |
|
|
|a 978-80-7090-972-0 (súbor)
|
| 924 |
|
|
|a spev
|
| 999 |
|
|
|c 1091421
|d 1093351
|
| 952 |
|
|
|a SNK
|b SNK
|y PREZ
|7 0
|p 17A1090370
|o snkHSC 595/2
|i snk2013/22069
|8 0
|0 0
|1 0
|4 0
|d 2013-09-20
|l 0
|r 2026-02-24 16:57:38
|w 2026-02-24
|